Estatísticas para Quiz da Alemanha

Clique aqui para jogar o quiz

Estatísticas Gerais

  • Esse quiz foi jogado 4 668 vezes
  • A pontuação média é 8 de 18

Estatísticas das Respostas

DicaResposta% Correto
CapitalBerlim
99%
Liga profissional de futebolBundesliga
69%
Festival de cerveja em MuniqueOktoberfest
66%
Animal que aparece no
brasão de armas
Águia
61%
Capital financeiraFrankfurt
60%
Palavra alemã para a AlemanhaDeutschland
59%
Munique é a capital desse estadoBaviera
57%
Equivalente alemão de
primeiro-ministro
Chanceler
41%
País germânico reinado por
Frederico, o Grande
Prússia
39%
Antiga moeda oficialMarco alemão
35%
Empresa de aviação nacionalLufthansa
32%
Rios mais longos da AlemanhaReno
32%
Rios mais longos da AlemanhaDanúbio
31%
Maior grupo étnico não-alemãoTurcos
28%
Sistema rodoviário alemãoAutobahn
27%
Capital da Alemanha Ocidental,
1949 - 1990
Bonn
24%
Nome para o parlamento alemãoBundestag
21%
Rios mais longos da AlemanhaElba
14%

Distribuição das Pontuações

Percentil de Números Respondidos

Porcentagem de Pessoas com Cada Pontuação

Sua Pontuação Histórica

Você não jogou esse quiz